| 000 | 00843nam a2200277 a 4500 | ||
|---|---|---|---|
| 001 | 64112 | ||
| 003 | BD-RjUL | ||
| 005 | 20211209081255.0 | ||
| 008 | 170209r20001997enk 000 1 eng d | ||
| 035 | _a(BD-RjUL)64242 | ||
| 040 |
_aBD-RjUL _beng _cBD-RjUL |
||
| 041 | _aeng | ||
| 082 |
_223 _a823.912 _bRHW 2000 |
||
| 100 | 1 |
_aRhys, Jean. _9190421 |
|
| 245 | 1 | 0 |
_aWide Sargasso Sea / _cJean Rhys ; edited by Angela Smith. |
| 260 |
_aLondon : _bPenguin, _c1997 [Reprinted 2000] |
||
| 300 |
_axxv, 150 p. ; _c20 cm. |
||
| 490 | _aPenguin classics. | ||
| 504 | _aIncludes bibliographical references. | ||
| 650 |
_aManners and customs _9171679 |
||
| 651 |
_aWest Indies _xBritish West Indies _9190422 |
||
| 651 |
_aWest Indies _9190423 |
||
| 700 | 1 |
_aSmith, Angela, _d1941- _9190424 |
|
| 830 | 0 |
_aPenguin classics. _9173371 |
|
| 942 |
_2ddc _cBK |
||
| 999 |
_c64112 _d64112 |
||